Múzeum moderného umenia Danubiana

Gespeichert in:
Bibliographische Detailangaben
1. Verfasser: Žalman, Peter, 1953- (Verfasst von)
Format: Buch
Sprache:Slowakisch
Englisch
Veröffentlicht: [Danubiana], 2001
Tags: Tag hinzufügen
Keine Tags, Fügen Sie das erste Tag hinzu!

MARC

LEADER 00000nam a22000003a 4500
001 stu73360
005 20150617225649.2
008 020125s2001----xo------------------slo-d
040 |a STU  |b slo 
041 0 |a slo  |a eng 
044 |a xo 
080 |a 72 
100 1 |a Žalman, Peter,  |d 1953-  |4 aut  |u A1110  |U FAD Fakulta architektúry  |T FA Ústav architektúry obytných budov  |X 339  |U A1110  |Y 392  |7 A000000339 
245 1 |a Múzeum moderného umenia Danubiana 
260 |b [Danubiana],  |c 2001 
300 |a 41 s.;obr.,schémy 
996 |b 284V026432  |c V*47132/O-20731  |l VVT  |s A  |a 24  |w stu73360_0001